书目信息 |
| 题名: |
中国盆景
|
|
| 作者: | 宋伯胤 主编 | |
| 分册: | ||
| 出版信息: | 云南 云南美术出版社 2010 |
|
| 页数: | 252页 | |
| 开本: | 24cm | |
| 丛书名: | ||
| 单 册: | ||
| 中图分类: | K876.32 | |
| 科图分类: | ||
| 主题词: | 盆景--艺术--中国 | |
| 电子资源: | ||
| ISBN: | 978-7-119-05329-5 | |
| 000 | 00582nam0 2200217 450 | |
| 001 | 012015000709 | |
| 005 | 20150915084615.54 | |
| 010 | @a978-7-119-05329-5@dCNY158.00 | |
| 100 | @a20150716d2010 em y0chiy0120 ea | |
| 101 | 0 | @achi |
| 102 | @aCN@b530000 | |
| 105 | @ay z 000yy | |
| 106 | @ar | |
| 200 | 1 | @a中国盆景@AZhong Guo Pen Jing@f宋伯胤主编 |
| 210 | @a云南@c云南美术出版社@d2010 | |
| 215 | @a252页@d24cm | |
| 606 | 0 | @a盆景@x艺术@y中国 |
| 690 | @aK876.32@v5 | |
| 701 | 0 | @a宋伯胤@ASong Bo Yin@4主编 |
| 801 | 0 | @aCN@b碧洲教育@c20150718 |
| 905 | @a10447@f3@dK876.32@e301 | |
| 中国盆景/宋伯胤主编.-云南:云南美术出版社,2010 |
| 252页;24cm |
| ISBN 978-7-119-05329-5:CNY158.00 |
| ● |
| 相关链接 |
|
|
|
|
正题名:中国盆景
索取号:K876.32/301
 
预约/预借
| 序号 | 登录号 | 条形码 | 馆藏地/架位号 | 状态 | 备注 |
| 1 | 0848352 | 208483522 | 第二样本阅览室/ [索取号:K876.32/301] | 在馆 | |
| 2 | 0848353 | 208483531 | 第二借阅区/ [索取号:K876.32/301] | 在馆 | |
| 3 | 0848354 | 208483540 | 第二借阅区/ [索取号:K876.32/301] | 在馆 |